00225 a2200121 4500001000700000020000600007040001100013100000600024240002300030245001800053362000900071440002300080163073 a  cMagnum a-10aBoas maneiraslpor10aBoas maneiras0 a1899 1aAo Livro Técnico